| 000 | 00534 a2200157 4500 | ||
|---|---|---|---|
| 999 |
_c7217 _d7217 |
||
| 020 | _a1868539350 | ||
| 050 | _aHD31 SCH 2000 | ||
| 100 |
_aSchutte, F. G. (Grant F.) _eauthor |
||
| 245 |
_aIntegrated management systems : _bstrategy formulation & implementation / _cF Grant Schutte |
||
| 250 | _aSecond edition | ||
| 264 |
_aSandown : _bHeinemann Publishers, _c2000 |
||
| 300 |
_a177 pages : _billustrations ; 24 cm |
||
| 500 | _aCover title. | ||
| 650 | _aManagement information systems | ||
| 942 |
_2lcc _cBK _eSecond edition _h31 _iSCH _kHD |
||